| 000 | 01029cam a2200301 a 4500 | ||
|---|---|---|---|
| 001 | 1174740 | ||
| 003 | GBCCL | ||
| 005 | 20241126110335.0 | ||
| 008 | 951121s1995 ilu b 000 0 eng | ||
| 010 | _a 96207805 | ||
| 020 | _a0802471897 | ||
| 040 |
_aDLC _cDLC _dDLC |
||
| 050 | 0 | 0 |
_aBV3790 _b.B7658 1995 |
| 082 | 0 | 0 |
_a269 _221 _bBUB |
| 100 | 1 |
_aBubeck, Mark I. _9341 |
|
| 245 | 1 | 4 |
_aThe rise of fallen angels : _bvictory over the adversary through spiritual renewal / _cMark I. Bubeck. |
| 260 |
_aChicago : _bMoody Press, _cc1995. |
||
| 300 |
_a244 p. ; _c22 cm. |
||
| 500 | _aRev. ed. of: The satanic revival. 1993. | ||
| 504 | _aIncludes bibliographical references (p. [241]-244). | ||
| 650 | 0 |
_aRevivals. _9344 |
|
| 650 | 0 |
_aSatanism. _9345 |
|
| 700 | 1 |
_aBubeck, Mark I. _tSatanic revival. _9346 |
|
| 906 |
_a7 _bcbc _corignew _d3 _encip _f19 _gy-gencatlg |
||
| 942 |
_2ddc _cBK _02 |
||
| 999 |
_c328 _d328 |
||